=LDR 00000nam 2200000 4500 =001 INLIS000000000031548 =005 20200910072233 =035 ##$$a 0010-061300000031548 =008 200910################g##########0#ind## =041 ##$$a ind =082 ##$$a 2x5.4 =090 ##$$a 2x5.4, Sof,b =100 1#$$a Sofyan Ahmadi =245 1#$$a Buku Panduan Anak Sholeh , Ayo Berdoa , /$c Ahmadi Sofyan, Satya Rini Prihatiningrum =300 ##$$a xii,89 hlm., : $b Ilus. ; $c 16x24 cm =650 #4$$a Doa dan wirid =700 #$$a PRIHATININGRUM, Satya Rini =850 ##$$a NBPNMAT =020 ##$$a 978-979-3416-61-8 =084 ##$$a 2x5.4 SOF b =250 ##$$a cet.1 =260 ##$$a Jakarta :$b Lintas Pustaka Publisher,$c 2007 =990 ##$$a 20904044 =990 ##$$a 20904043